Niska en feat - Statistiques

Statistiques générales
  • Ce quiz a été pris 59 fois
  • Le résultat moyen est 13 sur 46
Statistiques - réponses
Projet Titre Artiste % Correct
Commando Tuba life Booba
86%
Mr Sal Médicament Booba
80%
Le monde est méchant (V2) N.I Ninho
80%
Mr Sal Méchant Ninho
73%
Le monde est méchant (V2) Blue Magic Maes
61%
Le monde est méchant (V2) 140G 1pliké140
57%
Le monde est méchant (V2) Journée Tiakola
55%
Le monde est méchant (V2) Jota Hamza
53%
Le monde est méchant (V2) De bon matin Guy2bezbar
49%
Zifukoro Elle avait son djo Gims
45%
Le monde est méchant (V2) Joe Pesci Tiakola
45%
Charo Life Matuidi Charo Madrane
43%
Commando Versus MHD
41%
Zifukoro M.L.C Booba
37%
Zifukoro Mauvais payeur SCH
37%
Le monde est méchant (V2) R.A.S Gazo
33%
Charo Life Matuidi Charo Brigi
31%
Charo Life Gros bonnets Madrane
31%
Mr Sal Tous les couler Koba la D
29%
Charo Life Matuidi Charo Trafiquinte
29%
Commando Favélas Skaodi
27%
Le monde est méchant (V2) Sal baye Zed
27%
Mr Sal Moula Heuss l'enfoiré
24%
Le monde est méchant (V2) CDC Madrane
20%
Zifukoro Cala Boca Gradur
18%
Mr Sal Manu le coq Skaodi
18%
Charo Life On veut du yellow Madrane
16%
Commando Réseaux (remix) Quavo
16%
Charo Life Matuidi Charo Rako
16%
Le monde est méchant (V2) Service Mayo
14%
Charo Life On veut du yellow Brigi
12%
Le monde est méchant (V2) Loup solitaire Liim's
12%
Charo Life 911 Skaodi
12%
Charo Life On veut du yellow Trafiquinte
12%
Zifukoro Speingof La B
10%
Charo Life Tony Montana Madrane
10%
Commando Réseaux (remix) Stefflon Don
10%
Zifukoro Claquer la monnaie Madrane
8%
Le monde est méchant (V2) CDC Pepito
8%
Zifukoro L'ennemi Skaodi
8%
Zifukoro L'ennemi Kalash
6%
Charo Life Tony Montana Rako
6%
Zifukoro Oh belle ciao Sidiki Diabaté
6%
Charo Life Tony Montana Trafiquinte
6%
Zifukoro Speingof Trafiquinte
6%
Charo Life Tony Montana Charo Life
0%
Aucun quiz correspondant
Distribution des résultats
% des personnes avec chaque résultat
Percentile par nombre de réponses
Votre historique - résultats
Vous n’avez pas pris ce quiz